<?xml version="1.0" encoding="UTF-8"?>
<collection xmlns="http://www.loc.gov/MARC21/slim">
<record>
  <controlfield tag="001">145249</controlfield>
  <controlfield tag="005">20241015122513.0</controlfield>
  <datafield tag="024" ind1="8" ind2=" ">
    <subfield code="2">sideral</subfield>
    <subfield code="a">140080</subfield>
  </datafield>
  <datafield tag="037" ind1=" " ind2=" ">
    <subfield code="a">ART-2022-140080</subfield>
  </datafield>
  <datafield tag="041" ind1=" " ind2=" ">
    <subfield code="a">spa</subfield>
  </datafield>
  <datafield tag="100" ind1=" " ind2=" ">
    <subfield code="a">Vidal Peracho, C</subfield>
    <subfield code="u">Universidad de Zaragoza</subfield>
    <subfield code="0">(orcid)0000-0003-1444-7949</subfield>
  </datafield>
  <datafield tag="245" ind1=" " ind2=" ">
    <subfield code="a">Asociaciones entre el uso de dispositivos de seguimiento de actividad portátiles, IMC y actividad física: un estudio transversal</subfield>
  </datafield>
  <datafield tag="260" ind1=" " ind2=" ">
    <subfield code="c">2022</subfield>
  </datafield>
  <datafield tag="520" ind1="3" ind2=" ">
    <subfield code="a">Introducción y objetivos: Los rastreadores de actividad portátiles, relojes inteligentes, son dispositivos electrónicos que facilitan la información sobre el estado físico. El propósito de este estudio fue examinar su uso, que se ha incrementado de forma exponencial en la última década, su asociación con género, la generación, IMC y los comportamientos de actividad física de adultos residentes en los Estados Unidos de América.
Material y método: Se realizó un estudio transversal en 892 sujetos, seleccionados al azar, mediante una encuesta anónima a antiguos estudiantes de la universidad de Queens, Carolina del Norte. Mayores de 18 años y con cuenta en Instagram. La actividad física se cuantificó mediante el Cuestionario Internacional de Actividad Física (IPAQ) “últimos 7 días”. Se registró actividad física vigorosa y moderada (min por semana), tiempo de caminata (min por semana) y tiempo de sedestación (horas por día). Se utilizo SPSS 25.0. Chi-cuadrado, Mann-Whitney y un modelo lineal generalizado (GLM), con Binomial como distribución y Logit como función de enlace.
Resultados: Las mujeres (p = 0,000) y los millennials (23-38 años) (p = 0,001) utilizaron más los dispositivos de rastreo. Ser mujer aumentó las probabilidades de usarlos 2,3 veces. Tener un riesgo de mortalidad por enfermedad cardiovascular bajo, tiempo que se pasa sentado, aumentó las probabilidades de usar un dispositivo de seguimiento 2,7 veces, y tener un riesgo medio 1,9 veces, con respecto a tener un riesgo alto. Por cada aumento de 1 punto en el IMC, las probabilidades de usar estos dispositivos aumentaron 5,2 %.
Conclusiones:
− Las mujeres y los millennials usaban más los dispositivos de seguimiento.
− Las probabilidades de usarlos aumentaban al aumentar IMC.
− Las personas con bajo riesgo cardiovascular y los de riesgo moderado los utilizaban con más frecuencia que si había riesgo alto.</subfield>
  </datafield>
  <datafield tag="506" ind1="0" ind2=" ">
    <subfield code="a">Access copy available to the general public</subfield>
    <subfield code="f">Unrestricted</subfield>
  </datafield>
  <datafield tag="540" ind1=" " ind2=" ">
    <subfield code="9">info:eu-repo/semantics/openAccess</subfield>
    <subfield code="a">by-nc-sa</subfield>
    <subfield code="u">http://creativecommons.org/licenses/by-nc-sa/3.0/es/</subfield>
  </datafield>
  <datafield tag="590" ind1=" " ind2=" ">
    <subfield code="a">1.2</subfield>
    <subfield code="b">2022</subfield>
  </datafield>
  <datafield tag="591" ind1=" " ind2=" ">
    <subfield code="a">NUTRITION &amp; DIETETICS</subfield>
    <subfield code="b">78 / 87 = 0.897</subfield>
    <subfield code="c">2022</subfield>
    <subfield code="d">Q4</subfield>
    <subfield code="e">T3</subfield>
  </datafield>
  <datafield tag="592" ind1=" " ind2=" ">
    <subfield code="a">0.298</subfield>
    <subfield code="b">2022</subfield>
  </datafield>
  <datafield tag="593" ind1=" " ind2=" ">
    <subfield code="a">Nutrition and Dietetics</subfield>
    <subfield code="c">2022</subfield>
    <subfield code="d">Q3</subfield>
  </datafield>
  <datafield tag="593" ind1=" " ind2=" ">
    <subfield code="a">Medicine (miscellaneous)</subfield>
    <subfield code="c">2022</subfield>
    <subfield code="d">Q3</subfield>
  </datafield>
  <datafield tag="594" ind1=" " ind2=" ">
    <subfield code="a">2.0</subfield>
    <subfield code="b">2022</subfield>
  </datafield>
  <datafield tag="655" ind1=" " ind2="4">
    <subfield code="a">info:eu-repo/semantics/article</subfield>
    <subfield code="v">info:eu-repo/semantics/publishedVersion</subfield>
  </datafield>
  <datafield tag="700" ind1=" " ind2=" ">
    <subfield code="a">Tricás-Vincent, H</subfield>
  </datafield>
  <datafield tag="700" ind1=" " ind2=" ">
    <subfield code="a">Lucha-López, O</subfield>
    <subfield code="u">Universidad de Zaragoza</subfield>
    <subfield code="0">(orcid)0000-0002-9930-3903</subfield>
  </datafield>
  <datafield tag="700" ind1=" " ind2=" ">
    <subfield code="a">Hidalgo-García, C</subfield>
    <subfield code="u">Universidad de Zaragoza</subfield>
    <subfield code="0">(orcid)0000-0001-7667-2178</subfield>
  </datafield>
  <datafield tag="700" ind1=" " ind2=" ">
    <subfield code="a">Lucha-López, A</subfield>
    <subfield code="u">Universidad de Zaragoza</subfield>
    <subfield code="0">(orcid)0000-0002-8399-130X</subfield>
  </datafield>
  <datafield tag="700" ind1=" " ind2=" ">
    <subfield code="a">Caverni Muñoz, A</subfield>
  </datafield>
  <datafield tag="700" ind1=" " ind2=" ">
    <subfield code="a">Tricás Moreno, J</subfield>
    <subfield code="u">Universidad de Zaragoza</subfield>
    <subfield code="0">(orcid)0000-0002-3583-5206</subfield>
  </datafield>
  <datafield tag="710" ind1="2" ind2=" ">
    <subfield code="1">1006</subfield>
    <subfield code="2">255</subfield>
    <subfield code="a">Universidad de Zaragoza</subfield>
    <subfield code="b">Dpto. Fisiatría y Enfermería</subfield>
    <subfield code="c">Área Enfermería</subfield>
  </datafield>
  <datafield tag="710" ind1="2" ind2=" ">
    <subfield code="1">1007</subfield>
    <subfield code="2">610</subfield>
    <subfield code="a">Universidad de Zaragoza</subfield>
    <subfield code="b">Dpto. Medicina, Psiqu. y Derm.</subfield>
    <subfield code="c">Area Medicina</subfield>
  </datafield>
  <datafield tag="710" ind1="2" ind2=" ">
    <subfield code="1">1006</subfield>
    <subfield code="2">413</subfield>
    <subfield code="a">Universidad de Zaragoza</subfield>
    <subfield code="b">Dpto. Fisiatría y Enfermería</subfield>
    <subfield code="c">Área Fisioterapia</subfield>
  </datafield>
  <datafield tag="773" ind1=" " ind2=" ">
    <subfield code="g">39, Suplemento 1 (2022), 24</subfield>
    <subfield code="p">Nutr. hosp.</subfield>
    <subfield code="t">Nutricion Hospitalaria</subfield>
    <subfield code="x">0212-1611</subfield>
  </datafield>
  <datafield tag="856" ind1="4" ind2=" ">
    <subfield code="s">288310</subfield>
    <subfield code="u">http://zaguan.unizar.es/record/145249/files/texto_completo.pdf</subfield>
    <subfield code="y">Versión publicada</subfield>
  </datafield>
  <datafield tag="856" ind1="4" ind2=" ">
    <subfield code="s">686192</subfield>
    <subfield code="u">http://zaguan.unizar.es/record/145249/files/texto_completo.jpg?subformat=icon</subfield>
    <subfield code="x">icon</subfield>
    <subfield code="y">Versión publicada</subfield>
  </datafield>
  <datafield tag="909" ind1="C" ind2="O">
    <subfield code="o">oai:zaguan.unizar.es:145249</subfield>
    <subfield code="p">articulos</subfield>
    <subfield code="p">driver</subfield>
  </datafield>
  <datafield tag="951" ind1=" " ind2=" ">
    <subfield code="a">2024-10-15-10:50:48</subfield>
  </datafield>
  <datafield tag="980" ind1=" " ind2=" ">
    <subfield code="a">ARTICLE</subfield>
  </datafield>
</record>
</collection>